Memoria del Perú en el arbitraje sobre sus límites con el Ecuador / (Record no. 102091)

MARC details
000 -LEADER
campo de control de longitud fija 00879nam a2200193 i 4500
001 - NÚMERO DE CONTROL
campo de control 102091
003 - IDENTIFICADOR DE NÚMERO DE CONTROL
campo de control ES-MaACL
007 - CAMPO FIJO DE DESCRIPCIÓN FÍSICA--INFORMACIÓN GENERAL
campo de control de longitud fija t|
008 - DATOS DE LONGITUD FIJA--INFORMACIÓN GENERAL
campo de control de longitud fija 051103m19051906sp ||||1| spa d
245 00 - MENCIÓN DEL TÍTULO
Título Memoria del Perú en el arbitraje sobre sus límites con el Ecuador /
Mención de responsabilidad, etc. presentada por D. Mariano H. Cornejo y D. Felipe de Osuna, plenipotenciários del Perú.
260 ## - PUBLICACIÓN, DISTRIBUCIÓN, ETC.
Lugar de publicación, distribución, etc. Madrid :
Nombre del editor, distribuidor, etc. Hijos de M. G. Hernández,
Fecha de publicación, distribución, etc. 1905-06.
300 ## - DESCRIPCIÓN FÍSICA
Extensión 12 v. ;
Dimensiones 27 cm.
505 8# - NOTA DE CONTENIDO CON FORMATO
Nota de contenido con formato Contiene: Memoria del Perú, 4 vol.-- Mapas presentados con la memoria del Perú, 1 caja con 16 map. pleg.-- Documentos anexos a la Memoria del Perú, 6 vol.-- Apéndices a la Memoria del Perú, 1 vol.
651 #4 - PUNTO DE ACCESO ADICIONAL DE MATERIA--NOMBRE GEOGRÁFICO
Nombre geográfico Ecuador-
Subdivisión general Fronteras-
Subdivisión geográfica Perú.
9 (RLIN) 8133
651 #4 - PUNTO DE ACCESO ADICIONAL DE MATERIA--NOMBRE GEOGRÁFICO
Nombre geográfico Perú-
Subdivisión general Fronteras-
Subdivisión geográfica Ecuador.
9 (RLIN) 9222
700 1# - ENTRADA AGREGADA--NOMBRE PERSONAL
Nombre de persona Cornejo, Mariano H.
9 (RLIN) 40610
700 1# - ENTRADA AGREGADA--NOMBRE PERSONAL
Nombre de persona Osuna, Felipe de.
9 (RLIN) 87837
852 ## - LOCALIZACIÓN
Ubicación ES-MaACL
Número de control de estantería G-6640-51
Holdings
Estatus retirado Estado de pérdida Estado de daño No para préstamo Biblioteca de origen Biblioteca actual Ubicación en estantería Fecha de adquisición Fuente de adquisición Total de préstamos Signatura topográfica completa Código de barras Visto por última vez Precio de reemplazo Tipo de ítem Koha
        Biblioteca del Ateneo de Madrid Biblioteca del Ateneo de Madrid Depósito 2 17/01/2008     G-6640-51 1106576 23/02/2023 23/02/2023 Libro impreso